| 000 | 00392nam a22001457a 4500 | ||
|---|---|---|---|
| 999 |
_c528165 _d528165 |
||
| 003 | NUST | ||
| 020 | _qH/B. | ||
| 038 | _awaseem | ||
| 082 |
_a954.0317 _bDIM |
||
| 100 |
_aChaudhary, Mohammad Akram _919758 |
||
| 245 |
_aDimensions of The War of Independence 1857 / _cMohammad Akram Chaudhary |
||
| 260 |
_aSargodha : _bUniversity of Sargodha, _c2008. |
||
| 300 | _a130 p. ; | ||
| 942 |
_2ddc _cBK |
||